000 00665nam a2200229 i 4500
001 C2-0271221
003 PPAK
005 20180728001254.0
008 060809s2005 xx a|||| ||||| | eng d
020 _a9839901834
040 _aPPAK
_beng
_cPPAK
_erda
082 0 4 _a610.92
_223
090 0 0 _a610.92
_bLIF
_dG
245 0 4 _aThe life of a doctor
_ba career guide for students, parents and young doctors
264 1 _bPenang Medical Practitioner's Society ,
_c2005
300 _a176 pages :
_billustrations ;
_c26 cm
336 _2rdacontent
_atext
337 _2rdamedia
_aunmediated
338 _2rdacarrier
_avolume
650 1 0 _aPhysicians.
942 _ddc
_cB
999 _c79530
_d79530